[Event "Uxbridge Int Tal"]
[Site "Denham Grove"]
[Date "2010.02.17"]
[Round "8"]
[White "Peat, Matthew"]
[Black "Healeas, Simon"]
[Result "1-0"]
[WhiteElo "2067"]
[BlackElo "1804"]
[PlyCount "63"]
[EventDate "2010.02.13"]
[EventType "tourn"]
[EventRounds "9"]
[EventCountry "ENG"]

1. c4 Nf6 2. Nc3 g6 3. e4 d6 4. d4 Bg7 5. f4 O-O 6. Nf3 c5 7. d5 b5 8. cxb5 a6
9. a4 Nbd7 10. Be2 axb5 11. Bxb5 Ba6 12. Bxa6 Rxa6 13. O-O Qb6 14. Kh1 Qb4 15.
Qe1 Qb8 16. Qh4 e6 17. dxe6 fxe6 18. Ng5 Qe8 19. f5 d5 20. fxe6 Nh5 21. Rxf8+
Qxf8 22. Bd2 Nb6 23. exd5 Bd4 24. Nf7 Nc4 25. Bh6 Qb8 26. Qd8+ Qxd8 27. Nxd8
Ng7 28. Re1 Nd6 29. e7 Nde8 30. Nb5 Rxa4 31. d6 Nf6 32. d7 1-0

[Event "Uxbridge Int Tal"]
[Site "Denham Grove"]
[Date "2010.02.17"]
[Round "8"]
[White "Thomassen, Thomas"]
[Black "Ociepka, Adrian"]
[Result "1/2-1/2"]
[WhiteElo "2033"]
[BlackElo "2120"]
[PlyCount "24"]
[EventDate "2010.02.13"]
[EventType "tourn"]
[EventRounds "9"]
[EventCountry "ENG"]

1. c4 e6 2. g3 Nf6 3. Bg2 d5 4. Nf3 Be7 5. O-O O-O 6. b3 c5 7. Bb2 b6 8. e3 Nc6
9. Nc3 Ba6 10. d3 Rc8 11. Qe2 Qc7 12. Rac1 Rfd8 1/2-1/2

[Event "Uxbridge Int Tal"]
[Site "Denham Grove"]
[Date "2010.02.17"]
[Round "8"]
[White "Turner, David J"]
[Black "Higgs, Anthony R J"]
[Result "1-0"]
[WhiteElo "1839"]
[BlackElo "1962"]
[PlyCount "85"]
[EventDate "2010.02.13"]
[EventType "tourn"]
[EventRounds "9"]
[EventCountry "ENG"]

1. Nf3 f5 2. g3 Nf6 3. Bg2 c5 4. c4 Nc6 5. Nc3 d6 6. d3 g6 7. O-O Bg7 8. a3 O-O
9. Rb1 Nh5 10. Bd2 e5 11. b4 cxb4 12. axb4 h6 13. Nd5 Ne7 14. Nxe7+ Qxe7 15.
Nh4 Kh7 16. c5 g5 17. e4 gxh4 18. Qxh5 f4 19. cxd6 Qxd6 20. Qxh4 f3 21. Bh3
Bxh3 22. Qxh3 Qxd3 23. Rfd1 Rad8 24. Qf1 Qxe4 25. Re1 Qf5 26. Be3 Rd3 27. Bxa7
Rfd8 28. h4 e4 29. b5 Bd4 30. Bxd4 R8xd4 31. Rbc1 Qxb5 32. Rc7+ Rd7 33. Rxd7+
Qxd7 34. Rxe4 Rd1 35. Re1 Rxe1 36. Qxe1 Qd5 37. Qe7+ Kg6 38. Qe8+ Kf6 39. Qh8+
Kg6 40. Qe8+ Qf7 41. Qe4+ Kh5 42. Kh2 Qf6 43. Kh3 1-0

[Event "Uxbridge Int Tal"]
[Site "Denham Grove"]
[Date "2010.02.17"]
[Round "9"]
[White "Healeas, Simon"]
[Black "Turner, David J"]
[Result "1/2-1/2"]
[WhiteElo "1804"]
[BlackElo "1839"]
[PlyCount "63"]
[EventDate "2010.02.13"]
[EventType "tourn"]
[EventRounds "9"]
[EventCountry "ENG"]

1. d4 Nf6 2. c4 g6 3. Nc3 Bg7 4. e4 d6 5. Nge2 O-O 6. Ng3 Nbd7 7. Be2 e5 8. d5
Qe7 9. h4 c6 10. Bg5 h6 11. Be3 cxd5 12. cxd5 h5 13. Bg5 Re8 14. O-O Nf8 15.
Rc1 Bd7 16. Nb5 Bxb5 17. Bxb5 Rec8 18. Qa4 N8h7 19. Rxc8+ Rxc8 20. Rc1 Rxc1+
21. Bxc1 Ng4 22. Be2 Qxh4 23. Bxg4 Qxg4 24. Nf1 Qc8 25. Be3 a6 26. Qb4 Bf8 27.
Nd2 Nf6 28. f3 Be7 29. Nc4 Ne8 30. Nxe5 Bh4 31. Nc4 Bg3 32. Qc3 1/2-1/2

[Event "Uxbridge Int Tal"]
[Site "Denham Grove"]
[Date "2010.02.17"]
[Round "9"]
[White "Ociepka, Adrian"]
[Black "Peat, Matthew"]
[Result "1/2-1/2"]
[WhiteElo "2120"]
[BlackElo "2067"]
[PlyCount "44"]
[EventDate "2010.02.13"]
[EventType "tourn"]
[EventRounds "9"]
[EventCountry "ENG"]

1. e4 c6 2. d4 d5 3. Nd2 dxe4 4. Nxe4 Bf5 5. Ng3 Bg6 6. h4 h6 7. Nf3 Nd7 8. h5
Bh7 9. Bd3 Bxd3 10. Qxd3 e6 11. Bd2 Ngf6 12. Qe2 Be7 13. O-O-O O-O 14. Kb1 Qb6
15. c4 Rfe8 16. Ne5 Rad8 17. f4 c5 18. Bc3 cxd4 19. Bxd4 Bc5 20. Bc3 Bb4 21.
Bd4 Bc5 22. Bc3 Bb4 1/2-1/2